000 00276nam a2200121 i 4500
001 bg
245 0 _aProblemy difrakcii i rasprosfranenija woln.
260 _aLeningrad,
_c1972.
040 _cBPK
041 _apol
942 _cKS
008 s pl f |000 0 pol
999 _c14737
_d14737
856 _uhttp://koha.tu.koszalin.pl/cgi-bin/koha/opac-detail.pl?biblionumber=14737
_yKatalog online BPK